000 00587nam a2200205Ia 4500
005 20250508165215.0
008 008 250505s9999 xx 000 0 eng d
020 _a978-81-7223-414-0
037 _aReference
040 _aFEDL
_beng
_cFEDL
041 _aeng
_2eng
084 _a001.42, KOU/RR
_qFEDL
100 _aKoul Lokesh
_991127
245 0 _aShaishik anusandhan ki karyapranali
260 _aNew Delhi, India
_bVikas Publishing House Pvt. Ltd.
_c1998
300 _a542p.
365 _aINR
_b400
942 _cREF
_h001.42, KOU/RR
999 _c1393784
_d1393784